Delaying postharvest senescence of cut flowers using nitric oxide (Record no. 9928)

000 -LEADER
fixed length control field 00285nam a22001217a 4500
040 ## - CATALOGING SOURCE
Transcribing agency HS
082 ## - DEWEY DECIMAL CLASSIFICATION NUMBER
Classification number 635
100 ## - MAIN ENTRY--AUTHOR NAME
Personal name BOWYER
245 ## - TITLE STATEMENT
Title Delaying postharvest senescence of cut flowers using nitric oxide
260 ## - PUBLICATION, DISTRIBUTION, ETC. (IMPRINT)
Place of publication Rirdc publication
Name of publisher BOWYER
Year of publication 2003
300 ## - PHYSICAL DESCRIPTION
Number of Pages 11p;
942 ## - ADDED ENTRY ELEMENTS (KOHA)
Koha item type សៀវភៅភាសាអង់គ្លេស
952 ## - LOCATION AND ITEM INFORMATION (KOHA)
Withdrawn status [LOCAL, KOHA] 0
Holdings
Permanent Location Date acquired Koha item type Lost status Shelving location Barcode Current Location Full call number
Library Block C2016-09-15សៀវភៅភាសាអង់គ្លេស C258RUA045670Library Block C635 BOW 2003 C258
មជ្ឈមណ្ឌលឯការនៃសាកលវិទ្យាល័យភូមិន្ទកសិកម្មចំការដូង

Powered by Koha